| 000 | 00352 a2200145 4500 | ||
|---|---|---|---|
| 001 | 65697 | ||
| 082 | _a512.9434 GOL | ||
| 090 |
_c38362 _d38362 |
||
| 100 | _aGolub, G H | ||
| 245 | _aMatrix Computations, 2/e | ||
| 250 | _a2 | ||
| 260 |
_aLondon _bJohns Hopkins Uni press _c1989 |
||
| 300 |
_a642p. _bPhotocopy |
||
| 500 | _aMS textbook Aerospace | ||
| 942 |
_aNUST CAE _k512.9434 GOL |
||
| 999 |
_c300770 _d300770 |
||